Modern Proteomics – Sample Preparation, Analysis and Practical Applications

This volume serves as a proteomics reference manual, describing experimental design and execution. The book also shows a large number of examples as to what can be achieved using proteomics techniques. As a relatively young area of scientific research, the breadth and depth of the current state of t...

Full description

Bibliographic Details
Corporate Author: SpringerLink (Online service)
Other Authors: Mirzaei, Hamid (Editor), Carrasco, Martin (Editor)
Format: Electronic eBook
Language:English
Published: Cham : Springer International Publishing : Imprint: Springer, 2016.
Series:Advances in Experimental Medicine and Biology, 919
Subjects:
Online Access:Full Text via HEAL-Link
LEADER 04774nam a22004935i 4500
001 978-3-319-41448-5
003 DE-He213
005 20161214113812.0
007 cr nn 008mamaa
008 161214s2016 gw | s |||| 0|eng d
020 |a 9783319414485  |9 978-3-319-41448-5 
024 7 |a 10.1007/978-3-319-41448-5  |2 doi 
040 |d GrThAP 
050 4 |a QD431-431.7 
072 7 |a PSBC  |2 bicssc 
072 7 |a SCI007000  |2 bisacsh 
082 0 4 |a 572.6  |2 23 
245 1 0 |a Modern Proteomics – Sample Preparation, Analysis and Practical Applications  |h [electronic resource] /  |c edited by Hamid Mirzaei, Martin Carrasco. 
264 1 |a Cham :  |b Springer International Publishing :  |b Imprint: Springer,  |c 2016. 
300 |a IX, 533 p. 180 illus., 130 illus. in color.  |b online resource. 
336 |a text  |b txt  |2 rdacontent 
337 |a computer  |b c  |2 rdamedia 
338 |a online resource  |b cr  |2 rdacarrier 
347 |a text file  |b PDF  |2 rda 
490 1 |a Advances in Experimental Medicine and Biology,  |x 0065-2598 ;  |v 919 
505 0 |a Sample Origin -- Sample Preparation for Proteomic Analyses by Mass Spectrometry -- Plant structure and specificity - challenges and sample preparation considerations for proteomics -- Protein Fractionation and Enrichment for Proteomics -- High Performance Liquid Chromatography -- Mass Analyzers -- Top-Down Mass Spectrometry: Proteomics to Proteoforms -- Platforms and pipelines for Proteomics Data Management and Analysis -- Visualization, inspection and interpretation of shotgun proteomics identification results -- Tandem mass spectrum sequencing: an alternative to database search engines in shotgun proteomics -- Protein Inference -- Modification Site Localization in Peptides -- Quantification -- Bioinformatics Tools for the Analysis of Proteomics Data -- Useful Web Resources -- Top-Down Mass Spectrometry: Proteomics to Proteoforms -- Protocol for Standardizing High-to-Moderate Abundance Protein Biomarker Assessments through an MRM-with-Standard-Peptides Quantitative Approach -- Posttranslational Modifications (PTMs) analysis -- Protein-Protein Interaction -- Structural Analysis -- Introduction to Proteomic-Derived Biomarkers -- Discovery of Candidate Biomarkers -- Statistical Approaches to Candidate Biomarker Panel Selection -- Qualification and Verification of biomarker candidates. 
520 |a This volume serves as a proteomics reference manual, describing experimental design and execution. The book also shows a large number of examples as to what can be achieved using proteomics techniques. As a relatively young area of scientific research, the breadth and depth of the current state of the art in proteomics might not be obvious to all potential users. There are various books and review articles that cover certain aspects of proteomics but they often lack technical details. Subject specific literature also lacks the broad overviews that are needed to design an experiment in which all steps are compatible and coherent. The objective of this book was to create a proteomics manual to provide scientists who are not experts in the field with an overview of: 1. The types of samples can be analyzed by mass spectrometry for proteomics analysis. 2. Ways to convert biological or ecological samples to analytes ready for mass spectral analysis. 3. Ways to reduce the complexity of the proteome to achieve better coverage of the constituent proteins. 4. How various mass spectrometers work and different ways they can be used for proteomics analysis 5. The various platforms that are available for proteomics data analysis 6. The various applications of proteomics technologies in biological and medical sciences This book should appeal to anyone with an interest in proteomics technologies, proteomics related bioinformatics and proteomics data generation and interpretation. With the broad setup and chapters written by experts in the field, there is information that is valuable for students as well as for researchers who are looking for a hands on introduction into the strengths, weaknesses and opportunities of proteomics. 
650 0 |a Life sciences. 
650 0 |a Proteomics. 
650 0 |a Proteins. 
650 0 |a Bioinformatics. 
650 1 4 |a Life Sciences. 
650 2 4 |a Proteomics. 
650 2 4 |a Protein Science. 
650 2 4 |a Bioinformatics. 
700 1 |a Mirzaei, Hamid.  |e editor. 
700 1 |a Carrasco, Martin.  |e editor. 
710 2 |a SpringerLink (Online service) 
773 0 |t Springer eBooks 
776 0 8 |i Printed edition:  |z 9783319414461 
830 0 |a Advances in Experimental Medicine and Biology,  |x 0065-2598 ;  |v 919 
856 4 0 |u http://dx.doi.org/10.1007/978-3-319-41448-5  |z Full Text via HEAL-Link 
912 |a ZDB-2-SBL 
950 |a Biomedical and Life Sciences (Springer-11642)